[Event "CP-2015-Q-00002"]
[Site "LSS email"]
[Date "2015.12.02"]
[Round "?"]
[White "Kuzmin, Konstantin"]
[Black "Wosch, Arkadiusz Janusz"]
[Result "1/2-1/2"]
[WhiteElo "2338"]
[BlackElo "2306"]
[PlyCount "45"]
[EventDate "2015.12.08"]
[EventType "tourn (corr)"]
[EventRounds "6"]
[EventCountry "GER"]
[SourceTitle "Corr 2022"]
[Source "ChessBase"]
[SourceDate "2021.10.24"]
[SourceVersion "1"]
[SourceVersionDate "2021.10.24"]
[SourceQuality "1"]

1. d4 Nf6 2. c4 e6 3. g3 d5 4. Bg2 Be7 5. Nf3 0-0 6. 0-0 dxc4 7. Qc2 a6 8. a4 Bd7 9. Qxc4 Bc6 10. Bf4 a5 11. Nc3 Na6 12. Rac1 Nb4 13. Ne5 Bxg2 14. Kxg2 Nfd5 15. Nxd5 Qxd5+ 16. Qxd5 Nxd5 17. Bd2 c6 18. Nc4 Nb4 19. Rfd1 Ra6 20. b3 Na2 21. Ra1 Nb4 22. Bf4 Nd5 23. Bd6 1/2-1/2